| 000 | 00487nam a2200157 4500 | ||
|---|---|---|---|
| 001 | 138319 | ||
| 003 | ES-MaACL | ||
| 005 | 20230906195537.0 | ||
| 007 | t| | ||
| 008 | 070214s1963 sp r ||||1| spa d | ||
| 100 | 1 |
_aSanchís Olmos, Vicente. _9103018 |
|
| 245 | 1 | 0 |
_aFracturas y otras lesiones traumáticas / _cpor V. Sanchís Olmos. |
| 260 |
_aBarcelona [etc.] : _bEd. Científico-Médica, _c1963. |
||
| 300 |
_aXVI, 646 p. : _bil. ; _c28 cm. |
||
| 852 |
_aES-MaACL _jC-23341 _bR.51971 |
||
| 999 |
_c138319 _d138319 |
||